000 00616nam a22002177a 4500
003 UA-OsUOA
001 74029
007 ta
008 20110324b un ||||| |||| 00| 0 ukr d
100 _aГош О.
090 _a330(477)
_bГ74
942 _cSA
040 _aUA-OsUOA
_bukr
_cUA-OsUOA
_dUA-OsUOA
245 _aСоціально-економічний лад реформованої України: основні необхідні інновації
300 _aС.78-89
955 _a0
041 _aukr
080 _a330(477)
773 0 _w74023
650 7 _a330 Економіка взагалі
_2UDC
999 _c360320
_d360320